00668nam a22002057a 4500003000400000008004100004082001700045100001800062245013800080260003900218300001000257502001900267650001300286650000900299650001100308650001100319942001100330999001700341952010400358OSt260505b |||||||| |||| 00| 0 eng d a633.18bK98E aKumar, Manoj. aEffect of Transplanting Time and Ni trogen Level on Performance of Low Land Rza sativa L.) Under Delayed Condition / cby Manoj Kumar a.- Pusa, Samastipurb: RAUc, 2005 a129p. bAgronomyd2005 aAgronomy aRice aThesis aPh. D. 2ddccT c50417d50417 00102ddc4070aRAUbRAUd2026-05-05g0.00l0o633.18 K98Ep53326r2026-05-05w2026-05-05yTkGift